Oftalmología / (Record no. 65691)

MARC details
000 -LEADER
campo de control de longitud fija 00686nam a2200193 i 4500
001 - NÚMERO DE CONTROL
campo de control 65691
003 - IDENTIFICADOR DE NÚMERO DE CONTROL
campo de control ES-MaACL
005 - FECHA Y HORA DE LA ÚLTIMA TRANSACCIÓN
campo de control 20230906165439.0
007 - CAMPO FIJO DE DESCRIPCIÓN FÍSICA--INFORMACIÓN GENERAL
campo de control de longitud fija t|
008 - DATOS DE LONGITUD FIJA--INFORMACIÓN GENERAL
campo de control de longitud fija 040120s1958 sp ||||1| spa d
100 1# - ENTRADA PRINCIPAL--NOMBRE DE PERSONA
Nombre de persona Fuchs, Ernst.
9 (RLIN) 52807
245 10 - MENCIÓN DEL TÍTULO
Título Oftalmología /
Mención de responsabilidad, etc. Ernst Fuch ; actualizada por Adalbert Fuchs ; traducción de la 18ª edición alemana revisada y ampliada por Santiago Vilahur Pedrols.
250 ## - MENCION DE EDICION
Mención de edición 3ª ed. española.
260 ## - PUBLICACIÓN, DISTRIBUCIÓN, ETC.
Lugar de publicación, distribución, etc. Barcelona :
Nombre del editor, distribuidor, etc. Labor,
Fecha de publicación, distribución, etc. 1958 (
Fabricante Talls. Gráf. Ibero-Americanos)
300 ## - DESCRIPCIÓN FÍSICA
Extensión 2 t. :
Otras características físicas il. ;
Dimensiones 25 cm.
700 1# - ENTRADA AGREGADA--NOMBRE PERSONAL
Nombre de persona Fuchs, Adalbert.
9 (RLIN) 52804
700 1# - ENTRADA AGREGADA--NOMBRE PERSONAL
Nombre de persona Vilahur Pedrals, Jaime.
9 (RLIN) 114765
852 ## - LOCALIZACIÓN
Ubicación ES-MaACL
Número de control de estantería C-14667-8
Sublocalización o colección R.42714
Holdings
Estatus retirado Estado de pérdida Estado de daño No para préstamo Biblioteca de origen Biblioteca actual Ubicación en estantería Fecha de adquisición Fuente de adquisición Total de préstamos Signatura topográfica completa Código de barras Visto por última vez Precio de reemplazo Tipo de ítem Koha
        Biblioteca del Ateneo de Madrid Biblioteca del Ateneo de Madrid Ficheros 17/01/2008     C-14667-8 1068822 23/02/2023 23/02/2023 Libro impreso